Ulice w Gdańsku zaczynające się na P - Statystyki

Ogólne statystyki
  • Ten quiz został rozwiązany 9 razy
  • Średni wynik to 31 z 154
Statystyki odpowiedzi
Odpowiedź % Poprawnych
Polna
100%
Paderewskiego
60%
Pawia
60%
Północna
60%
Południowa
60%
Pomorska
60%
Poniatowskiego
60%
Popiełuszki
60%
Porzeczkowa
60%
Pańska
40%
Parkingowa
40%
Parkowa
40%
Parterowa
40%
Piaskowa
40%
Piecewska
40%
Pileckiego
40%
Piotrkowska
40%
Plater
40%
Platynowa
40%
Płocka
40%
Podchorążych
40%
Pola
40%
Powstańców Warszawskich
40%
Powstańców Wielkopolskich
40%
Poznańska
40%
Promienista
40%
Prosta
40%
Przemyska
40%
Przemysłowa
40%
Przybrzeżna
40%
Przyjazna
40%
Pszenna
40%
Pucka
40%
Pachołów
20%
Pagórkowa
20%
Pana Tadeusza
20%
Panieńska
20%
Parysa
20%
Paska
20%
Pawłowskiego
20%
Perłowa
20%
Perseusza
20%
Pestalozziego
20%
Piastowska
20%
Piekarnicza
20%
Pienińska
20%
Pienkowskiej
20%
Piesza
20%
Piłkarska
20%
Pilotów
20%
Piramowicza
20%
Piwna
20%
Piwonii
20%
Planetarna
20%
Płażyńskiego
20%
Płońska
20%
Płowce
20%
Plutona
20%
Pocztowa
20%
Poczty Gdańskiej
20%
Podgarbary
20%
Podhalańska
20%
Podjazd
20%
Podkarpacka
20%
Podkomorzego
20%
Podkramarska
20%
Podmiejska
20%
Podstoczna
20%
Podwale Grodzkie
20%
Podwale Przedmiejskie
20%
Podwale Staromiejskie
20%
Pod Zrębem
20%
Pohulanka
20%
Poinca
20%
Pokładowa
20%
Pokoleń Lechii Gdańsk
20%
Polanki
20%
Połczyńska
20%
Poleska
20%
Pólnicy
20%
Polonii Gdańskiej
20%
Polskiego Czerwonego Krzyża
20%
Porębskiego
20%
Portowców
20%
Po Schodkach
20%
Posejdona
20%
Potęgowska
20%
Potokowa
20%
Powstania Kościuszkowskiego
20%
Powstania Listopadowego
20%
Powstania Styczniowego
20%
Pożarnicza
20%
Poziomkowa
20%
Prasowa
20%
Profesorska
20%
Promowa
20%
Protazego
20%
Prusa
20%
Przegalińska
20%
Przełom
20%
Przemian
20%
Przesmyk
20%
Przetoczna
20%
Przyjaciół
20%
Przyjemna
20%
Przyokopowa
20%
Przyrodników
20%
Przytulna
20%
Przywidzka
20%
Ptasia
20%
Pułaskiego
20%
Pusta
20%
Paganiniego
0%
Pałubickiego
0%
Paneckiego
0%
Pankiewicza
0%
Partyzantów
0%
Pascala
0%
Pasieczna
0%
Pastelowa
0%
Pasteura
0%
Pastoriusza
0%
Pegaza
0%
Pelczara
0%
Pelplińska
0%
Penelopy
0%
Plebania
0%
Plejady
0%
Pniewskiego
0%
Pobiedzisko
0%
Podbielańska
0%
Podleckiego
0%
Podleśna
0%
Podmłyńska
0%
Podmurze
0%
Podzamcze
0%
Pogodna
0%
Pohoreckiego
0%
Połęże
0%
Politechniczna
0%
Pomyślna
0%
Pończoszników
0%
Popradzka
0%
Poprzeczna
0%
Potyrały
0%
Powalna
0%
Powroźnicza
0%
Prometeusza
0%
Próżna
0%
Przebiśniegowa
0%
Przędzalnicza
0%
Przy Torze
0%
Pstrowskiego
0%
Puszkina
0%
Nie znaleziono quizów pasujących do podanych kryteriów
Rozkład punktacji
Procent ludzi z każdym wynikiem
Percentyl według liczby udzielonych odpowiedzi
Twoja historia wyników
Nie rozwiązałeś tego quizu